Biblioteca y Centro de Documentación

Why should women get less? Evidence on the gender pay gap from multifactorial survey experiments (Registro nro. 49517)

Detalles MARC
000 -CABECERA
Longitud fija campo de control 01269naa a2200313 c 4500
001 - NÚMERO DE CONTROL
Número de control 49517
003 - IDENTIFICADOR DE NÚMERO DE CONTROL
Identificador del número de control ES-MaCES
005 - FECHA Y HORA DE LA ÚLTIMA TRANSACCIÓN
Fecha y hora de la última transacción 20170601122835.0
008 - CAMPO FIJO DE DESCRIPCIÓN FIJA--INFORMACIÓN GENERAL
Códigos de información de longitud fija   170601s2017 us ||||| t||||||| ||eng d
040 ## - FUENTE DE CATALOGACIÓN
Centro catalogador de origen ES-MaCES
Lengua de catalogación spa
Centro transcriptor ES-MaCES
Centro modificado ES-MaCES
100 1# - ENCABEZAMIENTO PRINCIPAL--NOMBRE PERSONAL
9 (RLIN) 38245
Nombre de persona Auspurg, Katrin
245 10 - MENCIÓN DE TÍTULO
Título Why should women get less? Evidence on the gender pay gap from multifactorial survey experiments
Mención de responsabilidad, etc. Katrin Auspurg, Thomas Hinz, Carsten Sauer
500 ## - NOTA GENERAL
Nota general Resumen
504 ## - NOTA DE BIBLIOGRAFÍA, ETC.
Nota de bibliografía, etc. Bibliografía: p. 206-210
650 #4 - ASIENTO SECUNDARIO DE MATERIA--TÉRMINO DE MATERIA
9 (RLIN) 28657
Término de materia o nombre geográfico como elemento inicial mujeres
650 #4 - ASIENTO SECUNDARIO DE MATERIA--TÉRMINO DE MATERIA
9 (RLIN) 28413
Término de materia o nombre geográfico como elemento inicial trabajadora
650 #4 - ASIENTO SECUNDARIO DE MATERIA--TÉRMINO DE MATERIA
9 (RLIN) 30439
Término de materia o nombre geográfico como elemento inicial división del trabajo por sexo
650 #4 - ASIENTO SECUNDARIO DE MATERIA--TÉRMINO DE MATERIA
9 (RLIN) 29521
Término de materia o nombre geográfico como elemento inicial discriminación por razones de sexo
650 #4 - ASIENTO SECUNDARIO DE MATERIA--TÉRMINO DE MATERIA
9 (RLIN) 27184
Término de materia o nombre geográfico como elemento inicial igualdad de remuneración
650 #4 - ASIENTO SECUNDARIO DE MATERIA--TÉRMINO DE MATERIA
9 (RLIN) 28388
Término de materia o nombre geográfico como elemento inicial determinación del salario
650 #4 - ASIENTO SECUNDARIO DE MATERIA--TÉRMINO DE MATERIA
9 (RLIN) 29458
Término de materia o nombre geográfico como elemento inicial diferencia del salario
650 #4 - ASIENTO SECUNDARIO DE MATERIA--TÉRMINO DE MATERIA
9 (RLIN) 28889
Término de materia o nombre geográfico como elemento inicial análisis estadístico
653 10 - TÉRMINO DE INDEXACIÓN--NO CONTROLADO
Término no controlado Mujer
700 1# - ENCABEZAMIENTO SECUNDARIO--NOMBRE PERSONAL
9 (RLIN) 38246
Nombre de persona Hinz, Thomas
700 1# - ENCABEZAMIENTO SECUNDARIO--NOMBRE PERSONAL
9 (RLIN) 38247
Nombre de persona Sauer, Carsten
773 0# - ENTRADA DE DOCUMENTO FUENTE
Itemnumber del ítem fuente 85933
Lugar, editor y fecha de publicación Washington, D.C. (1722 N Street, NW, 20036) American Sociological Association [ca. 1935]-
Otro identificador del documento 088831
Título American sociological review
Número de control del registro relacionado (ES-MaCES)25707
Parte(s) relacionada(s) vol. 82, no. 1 (Feb. 2017) {10706 R. 088831} ;p. 179-210
902 ## - CES. TIPO DE DOCUMENTO
Tipodoc (006$c Sirtex) ART Artículo de revista
942 ## - ELEMENTOS KOHA
Fuente de clasificaión o esquema Clasificación propia del CES
Koha [por defecto] tipo de item Artículos (1982-2017)
Parte de clasificación Asuntos Sociales

No hay ítems disponibles.

© CES, Consejo Económico y Social de España 2021